• 首页
  • 本馆介绍
  • 公告通知
  • 最新文献
  • 馆藏检索
  • 电子资源
  • 读者导购
  • 参考咨询
  • 我的图书馆
  • 登录
  • 详细信息显示
  • 放入我的书架
  • 预约/预借图书
  • 作者相关作品
  • 分类相关作品
  • 丛书相关作品
  • 出版社相关作品

书目信息

  • 表格格式
  • 工作单格式
  • 卡片格式
题名:
眼耳鼻咽喉科学
    
 
作者: ;苏州医学院眼科 著
分册:  
出版信息: 南京   江苏科学技术出版社  1983
页数: 248页
开本: 19cm
丛书名:
单 册:
中图分类: R76
科图分类:
主题词: 五官科学
电子资源:
ISBN:
000 00646nam0 2200241 45
001 0183001626
005 20040524082358.6
010    @dCNY1.45
091    @a14196.125
100    @a19950623d1983 em y0chiy0121 ea
101 0  @achi
102    @aCN@b230000
105    @ay z 000yy
106    @ar
200 10 @a眼耳鼻咽喉科学@Ayan er bi yan hou ke xue@f苏州医学院眼科著
210    @a南京@c江苏科学技术出版社@d1983
215    @a248页@d19cm
606    @a五官科学
690    @aR76@v3
711 02 @a苏州医学院眼科@Asu zhou yi xue yuan yan ke@4著
801  0 @aCN@b上海图书馆@c20040524
801  2 @aCN@bNLC@c20040524
905    @f1@b101160@dR76@e4
    
    眼耳鼻咽喉科学/苏州医学院眼科著.-南京:江苏科学技术出版社,1983
    248页;19cm
    
    
    ISBN :CNY1.45
    
●
相关链接 在E读中查询图书 在五车中查询图书 在当当中查询图书 在豆瓣中查询图书


正题名:眼耳鼻咽喉科学     索取号:R76/4         预约/预借

序号 登录号 条形码 馆藏地/架位号 状态 备注
1 0101160   000717102   第三借阅区/ [索取号:R76/4] 在馆    
2 0101161   000717111   第二样本阅览室/ [索取号:R76/4] 在馆    
唐山师范学院图书馆 欢迎您!
大连网信软件有限公司© 版权所有